| 000 | 00374nam a22001457a 4500 | ||
|---|---|---|---|
| 999 |
_c8097 _d8097 |
||
| 003 | OSt | ||
| 005 | 20200803152444.0 | ||
| 008 | 200803b ||||| |||| 00| 0 eng d | ||
| 020 | _a9788499368795 | ||
| 082 |
_a720.92 _bPOR |
||
| 100 | _a Portela, C. (César) | ||
| 245 | _aCésar Portela : emotion and reason in architecture | ||
| 260 |
_aSpain _bLoft; Bilingual |
||
| 942 | _2ddc | ||